[Event "First Lady's Cup"]
[Site "Surakarta/Denpasar INA"]
[Date "1982.03.05"]
[Round "20"]
[White "Spasov, Luben"]
[Black "Sampouw, Jacobus Sawandar"]
[Result "1-0"]
[WhiteElo "2410"]
[BlackElo "2305"]
[EventDate "1982.02.10"]
[PlyCount "87"]

1.d4 Nf6 2.Nf3 e6 3.c4 b6 4.a3 Be7 5.Nc3 Bb7 6.d5 O-O 7.e4 d6 8.Bd3 Nbd7 
9.O-O Nc5 10.Bc2 a5 11.Re1 Nfd7 12.Be3 Bf6 13.Bd4 Ne5 14.Nxe5 Bxe5 15.Bxe5
dxe5 16.b4 axb4 17.axb4 Rxa1 18.Qxa1 Na6 19.Qb2 Qe7 20.Na2 Rd8 21.b5 Nc5 
22.Qxe5 Ra8 23.Nb4 Nxe4 24.Qxe4 Qxb4 25.Rb1 Qc3 26.Qxh7+ Kf8 27.dxe6 Ra1 
28.Rxa1 Qxa1+ 29.Bb1 Qc3 30.Bd3 Qe1+ 31.Bf1 fxe6 32.Qh8+ Kf7 33.Qb8 Be4 
34.Qxc7+ Kg6 35.Qe5 Kf7 36.Qf4+ Ke8 37.Qe3 Qxe3 38.fxe3 Ke7 39.h4 Kd6 40.
Kf2 Ke5 41.g4 Kd6 42.Ke2 Kc5 43.Kd2 Bf3 44.Be2 1-0

[Event "First Lady's Cup"]
[Site "Surakarta/Denpasar INA"]
[Date "1982.03.05"]
[Round "20"]
[White "Suradiradja, Herman"]
[Black "Kurajica, Bojan"]
[Result "0-1"]
[WhiteElo "2380"]
[BlackElo "2510"]
[EventDate "1982.02.10"]
[PlyCount "48"]

1.e4 c5 2.Nf3 e6 3.d4 cxd4 4.Nxd4 a6 5.Bd3 Qc7 6.O-O Nf6 7.c4 Bc5 8.Nb3 
Ba7 9.Qe2 Nc6 10.Nc3 h5 11.Kh1 h4 12.c5 Kf8 13.f4 Nh5 14.Be3 d6 15.Na4 
dxc5 16.Naxc5 g5 17.e5 gxf4 18.Bxf4 f5 19.Rac1 Nxf4 20.Rxf4 Qxe5 21.Qf3 
Bb8 22.Rf1 Qxf4 23.Qxf4 Bxf4 24.Rxf4 Ke7 0-1

[Event "First Lady's Cup"]
[Site "Surakarta/Denpasar INA"]
[Date "1982.03.06"]
[Round "21"]
[White "Hort, Vlastimil"]
[Black "Maninang, Jesus Rafael"]
[Result "1/2-1/2"]
[WhiteElo "2590"]
[BlackElo "2385"]
[EventDate "1982.02.10"]
[PlyCount "70"]

1.c4 c5 2.Nf3 Nf6 3.Nc3 e6 4.g3 b6 5.Bg2 Bb7 6.O-O Be7 7.d4 cxd4 8.Qxd4 d6
9.b3 O-O 10.Bb2 a6 11.e4 Nbd7 12.Qe3 Qc7 13.Nd4 Rfe8 14.Rfe1 Bf8 15.h3 
Rad8 16.Re2 Nc5 17.Qd2 Qb8 18.Rae1 Ba8 19.Qc2 Rc8 20.Qb1 Red8 21.Kh2 g6 
22.Nf3 Bg7 23.Nd2 b5 24.cxb5 axb5 25.b4 Ncd7 26.Ba1 Ng4+ 27.hxg4 Bxc3 28.
Rc1 Bxa1 29.Qxa1 Ne5 30.g5 Rxc1 31.Qxc1 Rc8 32.Qb2 Qa7 33.Nf3 Nxf3+ 34.
Bxf3 e5 35.Rc2 Rc6 1/2-1/2

[Event "First Lady's Cup"]
[Site "Surakarta/Denpasar INA"]
[Date "1982.03.06"]
[Round "21"]
[White "Keene, Raymond Dennis"]
[Black "Ardiansyah"]
[Result "1-0"]
[WhiteElo "2505"]
[BlackElo "2395"]
[EventDate "1982.02.10"]
[PlyCount "77"]

1.d4 Nf6 2.c4 e6 3.Nc3 Bb4 4.Bg5 O-O 5.Nf3 d5 6.e3 dxc4 7.Bxc4 a6 8.O-O b5
9.Bd3 Bb7 10.a4 bxa4 11.Be4 Bxe4 12.Nxe4 Nbd7 13.Nxf6+ Nxf6 14.Qxa4 Be7 
15.Ne5 Nd5 16.Nc6 Qd6 17.Bxe7 Nxe7 18.Rfc1 Nd5 19.g3 h5 20.Qa3 f5 21.h4 
Qd7 22.Ne5 Qb5 23.Rc6 Rfe8 24.Rxa6 Rxa6 25.Qxa6 Qxb2 26.Re1 Nf6 27.Qc6 Qb6
28.Qc2 Rb8 29.Rc1 Rb7 30.Nd3 Nd5 31.Nc5 Ra7 32.Rb1 Qd6 33.e4 Ne7 34.Qb3 
Kf7 35.Re1 Nc6 36.Nxe6 Qxe6 37.d5 Qe5 38.dxc6+ Qe6 39.Qb8 1-0

[Event "First Lady's Cup"]
[Site "Surakarta/Denpasar INA"]
[Date "1982.03.06"]
[Round "21"]
[White "Gunawan, Ronny"]
[Black "Chandler, Murray Graham"]
[Result "1/2-1/2"]
[WhiteElo "2345"]
[BlackElo "2470"]
[EventDate "1982.02.10"]
[PlyCount "115"]

1.e4 c5 2.Nf3 e6 3.c3 d5 4.exd5 exd5 5.d4 Bd6 6.Bb5+ Bd7 7.Qe2+ Ne7 8.dxc5
Bxc5 9.Bxd7+ Qxd7 10.Nbd2 O-O 11.Nb3 Bb6 12.O-O Nf5 13.Qd3 Nc6 14.Bf4 Rad8
15.Rad1 Qc8 16.Bg5 Rd6 17.Bf4 Rdd8 18.h3 Rfe8 19.Rfe1 Re4 20.Bg5 f6 21.Bd2
Qe6 22.Nbd4 Bxd4 23.cxd4 Ncxd4 24.Ba5 b6 25.Nxd4 Nxd4 26.f3 Ne2+ 27.Kf2 
Re5 28.Rxe2 bxa5 29.f4 Rxe2+ 30.Qxe2 Qd6 31.Rd4 Rc8 32.Kf3 h6 33.Qb5 Rc5 
34.Qe8+ Kh7 35.Qf7 Rb5 36.b3 Rc5 37.h4 Rc3+ 38.Kg4 Qa6 39.Rd2 Re3 40.Qxd5 
Qc8+ 41.Qf5+ Qxf5+ 42.Kxf5 h5 43.Rd5 a4 44.b4 Re2 45.g4 hxg4 46.Kxg4 Rxa2 
47.Ra5 a3 48.Rxa7 Ra1 49.b5 a2 50.Kf5 Kh6 51.Ra8 Kh7 52.b6 Rb1 53.Rxa2 
Rxb6 54.h5 Rb8 55.Ra7 Rb1 56.Ra8 Rh1 57.Kg4 Rg1+ 58.Kf5 1/2-1/2

[Event "First Lady's Cup"]
[Site "Surakarta/Denpasar INA"]
[Date "1982.03.06"]
[Round "21"]
[White "Radulov, Ivan"]
[Black "Miles, Anthony John"]
[Result "0-1"]
[WhiteElo "2505"]
[BlackElo "2575"]
[EventDate "1982.02.10"]
[PlyCount "94"]

1.e4 c5 2.Nf3 d6 3.Bb5+ Bd7 4.Bxd7+ Nxd7 5.O-O Ngf6 6.Qe2 e6 7.c3 Be7 8.d4
O-O 9.Bg5 h6 10.Bh4 Rc8 11.Nbd2 cxd4 12.Nxd4 Qb6 13.Rab1 Nc5 14.Kh1 Rfe8 
15.Bg3 e5 16.Nf5 Bf8 17.Bh4 d5 18.Bxf6 Qxf6 19.Ne3 dxe4 20.b4 Na4 21.Nxe4 
Qc6 22.Qg4 Nxc3 23.Nxc3 Qxc3 24.Rfd1 Red8 25.h3 Rd4 26.Rxd4 exd4 27.Nf5 g6
28.Nxd4 Rc4 29.Rd1 Bg7 30.Nb5 Qxb4 31.Qd7 Re4 32.g3 Qa4 33.Rc1 Kh7 34.Qxb7
Rb4 35.Qxa7 Qxb5 36.Qxf7 Rb2 37.Kg1 h5 38.g4 hxg4 39.hxg4 Rb4 40.Qf3 Qg5 
41.Qh3+ Qh6 42.Kg2 Qxh3+ 43.Kxh3 Be5 44.Kh4 Ra4 45.f3 Bf4 46.Rc5 g5+ 47.
Kh3 Rxa2 0-1

[Event "First Lady's Cup"]
[Site "Surakarta/Denpasar INA"]
[Date "1982.03.06"]
[Round "21"]
[White "Bellon Lopez, Juan Manuel"]
[Black "Sosonko, Gennadi"]
[Result "1/2-1/2"]
[WhiteElo "2400"]
[BlackElo "2580"]
[EventDate "1982.02.10"]
[PlyCount "24"]

1.d4 Nf6 2.Nf3 e6 3.Bf4 b6 4.e3 Bb7 5.Nbd2 Be7 6.h3 c5 7.c3 O-O 8.Qc2 Nc6 
9.Rd1 d5 10.Bd3 c4 11.Be2 b5 12.O-O b4 1/2-1/2

[Event "First Lady's Cup"]
[Site "Surakarta/Denpasar INA"]
[Date "1982.03.06"]
[Round "21"]
[White "Hulak, Krunoslav"]
[Black "Suttles, Duncan"]
[Result "1/2-1/2"]
[WhiteElo "2490"]
[BlackElo "2475"]
[EventDate "1982.02.10"]
[PlyCount "90"]

1.e4 g6 2.d4 Bg7 3.Nf3 d6 4.Nc3 a6 5.a4 Bg4 6.Be3 Nc6 7.Be2 e5 8.dxe5 dxe5
9.Qxd8+ Rxd8 10.Nd5 Rd7 11.O-O Nge7 12.Nxe7 Kxe7 13.c3 h5 14.b4 Nd8 15.a5 
Ne6 16.Rfd1 Rxd1+ 17.Rxd1 Bxf3 18.Bxf3 Bh6 19.Bxh6 Rxh6 20.Be2 Rh8 21.Bc4 
Rd8 22.Rxd8 Nxd8 23.h4 Ne6 24.f3 c6 25.Kf2 Nc7 26.Bd3 Nb5 27.c4 Nd4 28.c5 
Ne6 29.Bc4 f6 30.g3 Nd4 31.f4 Nc2 32.Ke2 Nd4+ 33.Kd3 Ne6 34.Ke3 Nd4 35.Bd3
Kf7 36.Bf1 Ke6 37.Bh3+ f5 38.Bf1 Kf6 39.Bc4 Nc2+ 40.Kd2 Nd4 41.Kd3 Ne6 42.
exf5 Kxf5 43.fxe5 Kxe5 44.Ke3 Nc7 45.Bf7 Kf6 1/2-1/2

[Event "First Lady's Cup"]
[Site "Surakarta/Denpasar INA"]
[Date "1982.03.06"]
[Round "21"]
[White "Gheorghiu, Florin"]
[Black "Bachtiar, Arovah"]
[Result "1/2-1/2"]
[WhiteElo "2550"]
[BlackElo "2360"]
[EventDate "1982.02.10"]
[PlyCount "82"]

1.d4 Nf6 2.c4 e6 3.Nf3 Bb4+ 4.Bd2 Qe7 5.g3 O-O 6.Bg2 d5 7.Qc2 Ne4 8.O-O 
Bxd2 9.Nbxd2 f5 10.Ne5 c6 11.Ndf3 Nd7 12.c5 Ng5 13.Nxg5 Qxg5 14.Nd3 Qe7 
15.Qc3 Re8 16.f4 Nf6 17.b4 Bd7 18.a4 Rec8 19.Rfb1 a6 20.Ne5 Be8 21.e3 h5 
22.h4 Ne4 23.Qe1 Kh7 24.Bf1 Qd8 25.Kh2 Rcb8 26.Rb2 a5 27.b5 b6 28.Rc1 cxb5
29.c6 Rc8 30.Bxb5 Qd6 31.Rb3 Nf6 32.Kg2 Rab8 33.Rcc3 Rc7 34.Qc1 Ng4 35.Nd7
Bxd7 36.cxd7 Rxd7 37.Bxd7 Qxd7 38.Rc6 Rb7 39.Qc2 b5 40.axb5 Rxb5 41.Rcc3 
a4 1/2-1/2

[Event "First Lady's Cup"]
[Site "Surakarta/Denpasar INA"]
[Date "1982.03.06"]
[Round "21"]
[White "Sampouw, Jacobus Sawandar"]
[Black "Ribli, Zoltan"]
[Result "1-0"]
[WhiteElo "2305"]
[BlackElo "2590"]
[EventDate "1982.02.10"]
[PlyCount "61"]

1.e4 c5 2.Nf3 d6 3.d4 cxd4 4.Nxd4 Nf6 5.Nc3 a6 6.Bg5 e6 7.f4 Qb6 8.Qd2 
Qxb2 9.Nb3 Qa3 10.Bxf6 gxf6 11.Be2 Nc6 12.O-O Bd7 13.Qe3 Rc8 14.Nb1 Qa4 
15.Nc3 Qa3 16.Rfd1 Na5 17.Nb1 Qb2 18.Nxa5 Qxa1 19.Qb3 b5 20.c3 b4 21.cxb4 
Bb5 22.Bh5 Ke7 23.e5 fxe5 24.f5 d5 25.fxe6 Bh6 26.Qxd5 Rcd8 27.Qb7+ Kf6 
28.Qxf7+ Kg5 29.Nd2 Qd4+ 30.Kh1 e4 31.g3 1-0

[Event "First Lady's Cup"]
[Site "Surakarta/Denpasar INA"]
[Date "1982.03.06"]
[Round "21"]
[White "Csom, Istvan"]
[Black "Handoko, Edhi"]
[Result "1/2-1/2"]
[WhiteElo "2505"]
[BlackElo "2370"]
[EventDate "1982.02.10"]
[PlyCount "124"]

1.Nf3 Nf6 2.c4 g6 3.b4 b6 4.Bb2 Bb7 5.e3 Bg7 6.Be2 O-O 7.O-O Na6 8.a3 c5 
9.Qa4 d6 10.d3 Nc7 11.Nbd2 Ne6 12.Rfc1 Qc8 13.Rab1 Nh5 14.Qb3 Bh6 15.d4 
cxd4 16.Nxd4 Nxd4 17.Bxd4 Qf5 18.c5 e5 19.Ba1 dxc5 20.bxc5 Rad8 21.Qc3 Bg7
22.Qc2 Bc8 23.cxb6 axb6 24.Rxb6 Qd7 25.Nc4 Qa7 26.Rd6 Bf5 27.e4 Be6 28.
Rxd8 Rxd8 29.Bxh5 gxh5 30.Nxe5 Qxa3 31.Nc6 Bb3 32.Qb1 Ba2 33.Ne7+ Qxe7 34.
Qxa2 Qxe4 35.Bxg7 Kxg7 36.h3 Qf4 37.Qc2 Qd4 38.Qe2 Qf4 39.Rf1 Rd5 40.Qb2+ 
Qe5 41.Qb4 Rd4 42.Qb3 h4 43.Rc1 Rd2 44.Qe3 Qxe3 45.fxe3 Kg6 46.Kf1 f5 47.
Rc6+ Kg5 48.Rc7 Kg6 49.Rc8 Ra2 50.Rd8 Rb2 51.Ke1 Kf6 52.Kf1 Kg6 53.Rd4 Kg5
54.Rf4 Ra2 55.Rd4 Rb2 56.Rd7 Kg6 57.Re7 Ra2 58.e4 fxe4 59.Rxe4 Kg5 60.Rg4+
Kh5 61.Rg7 Kh6 62.Rf7 Kg6 1/2-1/2

[Event "First Lady's Cup"]
[Site "Surakarta/Denpasar INA"]
[Date "1982.03.06"]
[Round "21"]
[White "Henley, Ronald Watson"]
[Black "Suradiradja, Herman"]
[Result "1-0"]
[WhiteElo "2460"]
[BlackElo "2380"]
[EventDate "1982.02.10"]
[PlyCount "81"]

1.d4 Nf6 2.c4 g6 3.Nc3 Bg7 4.e4 d6 5.Be2 O-O 6.Bg5 c5 7.d5 h6 8.Bf4 a6 9.
a4 Qa5 10.Bd2 Qc7 11.Qc1 Kh7 12.h3 e6 13.Nf3 exd5 14.exd5 Re8 15.O-O Nbd7 
16.Bd3 Ne5 17.Nxe5 dxe5 18.Re1 Bd7 19.a5 Nh5 20.Na4 Nf4 21.Bc2 Bxa4 22.
Rxa4 Rab8 23.Ra3 b5 24.axb6 Qxb6 25.b3 Qf6 26.Kh2 Qh4 27.Be3 Ra8 28.Qd1 e4
29.Qg4 Qxg4 30.hxg4 Nd3 31.Bxd3 exd3 32.Rd1 Be5+ 33.g3 Bd6 34.Rxd3 Re4 35.
Ra5 h5 36.gxh5 gxh5 37.Bxc5 Bc7 38.Ra2 h4 39.d6 hxg3+ 40.fxg3 Re2+ 41.Rxe2
1-0

[Event "First Lady's Cup"]
[Site "Surakarta/Denpasar INA"]
[Date "1982.03.06"]
[Round "21"]
[White "Matanovic, Aleksandar"]
[Black "Rodriguez Vargas, Orestes"]
[Result "1/2-1/2"]
[WhiteElo "2495"]
[BlackElo "2430"]
[EventDate "1982.02.10"]
[PlyCount "32"]

1.e4 c5 2.Nf3 e6 3.d4 cxd4 4.Nxd4 Nf6 5.Nc3 d6 6.Be2 Be7 7.O-O O-O 8.f4 
Nc6 9.Be3 e5 10.Nb3 exf4 11.Bxf4 Be6 12.Kh1 d5 13.e5 Nd7 14.Nxd5 Ndxe5 15.
c4 Bg5 16.Nc5 b6 1/2-1/2

[Event "First Lady's Cup"]
[Site "Surakarta/Denpasar INA"]
[Date "1982.03.07"]
[Round "22"]
[White "Spasov, Luben"]
[Black "Keene, Raymond Dennis"]
[Result "1/2-1/2"]
[WhiteElo "2410"]
[BlackElo "2505"]
[EventDate "1982.02.10"]
[PlyCount "27"]

1.d4 Nf6 2.Nf3 g6 3.g3 Bg7 4.Bg2 O-O 5.O-O d6 6.c4 c5 7.Nc3 Nc6 8.d5 Na5 
9.Nd2 a6 10.Qc2 Rb8 11.b3 b5 12.Bb2 Bh6 13.Nce4 Nxe4 14.Bxe4 1/2-1/2

[Event "First Lady's Cup"]
[Site "Surakarta/Denpasar INA"]
[Date "1982.03.07"]
[Round "22"]
[White "Ribli, Zoltan"]
[Black "Christiansen, Larry"]
[Result "1/2-1/2"]
[WhiteElo "2590"]
[BlackElo "2585"]
[EventDate "1982.02.10"]
[PlyCount "53"]

1.Nf3 Nf6 2.c4 c5 3.Nc3 e6 4.g3 b6 5.Bg2 Bb7 6.O-O Be7 7.d4 cxd4 8.Qxd4 d6
9.Rd1 a6 10.b3 Nbd7 11.e4 Qc7 12.Ba3 Nc5 13.e5 dxe5 14.Qxe5 Qc8 15.Na4 
Nfd7 16.Qxg7 Bf6 17.Qh6 Bxa1 18.Rxa1 Qc7 19.Nxc5 bxc5 20.Bb2 Rg8 21.Qh4 
Qd6 22.Re1 Qd3 23.Ng5 Qd2 24.Bxb7 Qxe1+ 25.Kg2 Qd2 26.Bxa8 Qxb2 27.Ne4 
1/2-1/2

[Event "First Lady's Cup"]
[Site "Surakarta/Denpasar INA"]
[Date "1982.03.07"]
[Round "22"]
[White "Chandler, Murray Graham"]
[Black "Maninang, Jesus Rafael"]
[Result "1/2-1/2"]
[WhiteElo "2470"]
[BlackElo "2385"]
[EventDate "1982.02.10"]
[PlyCount "117"]

1.e4 c5 2.Nf3 d6 3.d4 cxd4 4.Nxd4 Nf6 5.Nc3 a6 6.a4 e5 7.Nf3 Qc7 8.Bg5 
Nbd7 9.Nd2 h6 10.Bh4 g5 11.Bg3 Nc5 12.Bc4 Be6 13.Bxe6 fxe6 14.Qe2 Be7 15.
O-O Ncd7 16.Rfd1 Rc8 17.a5 Nf8 18.Ra4 Ng6 19.Nc4 Qb8 20.Raa1 Kf7 21.Rd2 h5
22.h3 Qc7 23.b3 Rcg8 24.Rad1 Ne8 25.Qf3+ Kg7 26.Qe3 Kf8 27.Ne2 Rg7 28.Kh1 
Kg8 29.Bh2 Rh6 30.g3 Qc6 31.Nc3 Nh8 32.Qb6 Nf7 33.Kg1 g4 34.h4 Bd8 35.Qxc6
bxc6 36.b4 d5 37.Nb2 Nfd6 38.Re2 Rb7 39.Nd3 Nc4 40.Na4 Ned6 41.Nac5 Ra7 
42.exd5 exd5 43.Nxe5 Nxe5 44.Rxe5 Bf6 45.Re6 Bg7 46.Rde1 Nf5 47.Re8+ Kf7 
48.Rb8 Nd4 49.Kg2 Nxc2 50.Rc1 Na3 51.Bg1 Bb2 52.Rd1 Rf6 53.Rb6 Bc3 54.Rd3 
d4 55.Ne4 Rf3 56.Rxf3+ gxf3+ 57.Kxf3 Nc4 58.Rb8 Ne5+ 59.Ke2 1/2-1/2

[Event "First Lady's Cup"]
[Site "Surakarta/Denpasar INA"]
[Date "1982.03.07"]
[Round "22"]
[White "Miles, Anthony John"]
[Black "Gheorghiu, Florin"]
[Result "1/2-1/2"]
[WhiteElo "2575"]
[BlackElo "2550"]
[EventDate "1982.02.10"]
[PlyCount "57"]

1.d4 Nf6 2.Nc3 d5 3.Bg5 Nbd7 4.Nf3 h6 5.Bh4 e6 6.e4 dxe4 7.Nxe4 Be7 8.
Nxf6+ Bxf6 9.Bxf6 Qxf6 10.Qd3 c5 11.O-O-O cxd4 12.Qxd4 Qxd4 13.Nxd4 Nc5 
14.Bb5+ Ke7 15.Rhe1 a6 16.Bf1 g6 17.g3 Kf6 18.Bg2 Ra7 19.Re3 b5 20.Rf3+ 
Kg7 21.Rc3 Na4 22.Rc6 e5 23.Nb3 Bd7 24.Rcd6 Bf5 25.Na5 Rc8 26.c3 b4 27.c4 
Nc5 28.b3 Rac7 29.f3 1/2-1/2

[Event "First Lady's Cup"]
[Site "Surakarta/Denpasar INA"]
[Date "1982.03.07"]
[Round "22"]
[White "Sosonko, Gennadi"]
[Black "Hulak, Krunoslav"]
[Result "1-0"]
[WhiteElo "2580"]
[BlackElo "2490"]
[EventDate "1982.02.10"]
[PlyCount "79"]

1.d4 Nf6 2.c4 e6 3.g3 c5 4.d5 exd5 5.cxd5 d6 6.Nc3 g6 7.Bg2 Bg7 8.Nf3 O-O 
9.O-O Re8 10.Bf4 a6 11.a4 Ne4 12.Nxe4 Rxe4 13.Nd2 Rb4 14.Ra2 g5 15.Be3 f5 
16.Nf3 h6 17.Qc1 Qf6 18.h4 gxh4 19.Nxh4 b5 20.axb5 Rxb5 21.Bh3 a5 22.Bd2 
Na6 23.Bc3 Qg5 24.Rxa5 Rxa5 25.Bxa5 Qxc1 26.Rxc1 Bxb2 27.Rb1 Rb8 28.Bxf5 
Bxf5 29.Nxf5 c4 30.Nxh6+ Kf8 31.Nf5 c3 32.Bxc3 Bxc3 33.Rxb8+ Nxb8 34.Nxd6 
Nd7 35.e4 Ke7 36.Nc4 Nc5 37.f3 Nd3 38.f4 Bd4+ 39.Kg2 Kf6 40.Kf3 1-0

[Event "First Lady's Cup"]
[Site "Surakarta/Denpasar INA"]
[Date "1982.03.07"]
[Round "22"]
[White "Suttles, Duncan"]
[Black "Sampouw, Jacobus Sawandar"]
[Result "1-0"]
[WhiteElo "2475"]
[BlackElo "2305"]
[EventDate "1982.02.10"]
[PlyCount "71"]

1.g3 d5 2.Bg2 e5 3.d3 Bc5 4.Nf3 Qe7 5.Nc3 c6 6.e4 dxe4 7.Nxe4 Bb6 8.O-O 
Bg4 9.a4 f5 10.Ned2 Nf6 11.Nc4 Nbd7 12.a5 Bc7 13.Ne3 O-O 14.c3 Kh8 15.a6 
bxa6 16.h3 Bxf3 17.Qxf3 e4 18.Qxf5 Nc5 19.dxe4 Ncxe4 20.Ra4 Rae8 21.Qf3 
Bb6 22.Kh2 Qc7 23.Nd1 Nd5 24.Rxe4 Qb8 25.Rxe8 Qxe8 26.Re1 Qb8 27.Qh5 a5 
28.Bxd5 cxd5 29.Bf4 Qd8 30.Ne3 d4 31.cxd4 Qxd4 32.Ng4 h6 33.Re8 Rxe8 34.
Qxe8+ Kh7 35.Be5 Qd8 36.Nf6+ 1-0

[Event "First Lady's Cup"]
[Site "Surakarta/Denpasar INA"]
[Date "1982.03.07"]
[Round "22"]
[White "Bachtiar, Arovah"]
[Black "Csom, Istvan"]
[Result "0-1"]
[WhiteElo "2360"]
[BlackElo "2505"]
[EventDate "1982.02.10"]
[PlyCount "98"]

1.d4 Nf6 2.c4 e6 3.Nf3 b6 4.g3 Ba6 5.Nbd2 c5 6.Bg2 Bb7 7.O-O Be7 8.b3 O-O 
9.Bb2 cxd4 10.Bxd4 d6 11.Qc2 Nbd7 12.Rad1 Qc7 13.Qb1 a6 14.e4 b5 15.Rfe1 
Bc6 16.Bb2 e5 17.h3 Nc5 18.Nh2 Qb7 19.Ba3 Nfd7 20.g4 g6 21.Bxc5 Nxc5 22.b4
Ne6 23.Nb3 Qa7 24.Na5 Rfc8 25.Bf1 bxc4 26.Bxc4 Nf4 27.Qb3 Be8 28.Bf1 Bb5 
29.Rc1 Bh4 30.Qe3 Qxe3 31.Rxc8+ Rxc8 32.Rxe3 Rc2 33.Rf3 Rxa2 34.Nb7 Bxf1 
35.Nxf1 Bxf2+ 36.Kh1 Bd4 37.Nxd6 Rb2 38.Nc4 Rxb4 39.Nfd2 Ra4 40.Rb3 Ra1+ 
41.Kh2 h5 42.gxh5 Nxh5 43.Kg2 a5 44.Nf3 Ra2+ 45.Kf1 Ng3+ 46.Ke1 Ra1+ 47.
Kd2 Nxe4+ 48.Kc2 Ra2+ 49.Kc1 a4 0-1

[Event "First Lady's Cup"]
[Site "Surakarta/Denpasar INA"]
[Date "1982.03.07"]
[Round "22"]
[White "Gunawan, Ronny"]
[Black "Matanovic, Aleksandar"]
[Result "0-1"]
[WhiteElo "2345"]
[BlackElo "2495"]
[EventDate "1982.02.10"]
[PlyCount "70"]

1.e4 c5 2.Nc3 Nc6 3.g3 d6 4.Bg2 g6 5.Nge2 Bg7 6.d3 e6 7.O-O Nge7 8.Be3 Nd4
9.Qd2 O-O 10.Nf4 Rb8 11.Nd1 e5 12.Nd5 Nxd5 13.exd5 b5 14.a4 a6 15.axb5 
axb5 16.Nc3 Nf5 17.Ra7 Nxe3 18.Qxe3 f5 19.Kh1 b4 20.Nb1 Qb6 21.Ra1 e4 22.
Nd2 Ba6 23.Ra2 Bd4 24.Qh6 exd3 25.cxd3 Bxd3 26.Rfa1 c4 27.Ra6 Bg7 28.Qh3 
Qxf2 29.Ra7 Qxd2 30.Rxg7+ Kxg7 31.Ra7+ Rf7 32.Rxf7+ Kxf7 33.Qxh7+ Kf6 34.
Qh4+ Qg5 35.Qd4+ Kf7 0-1

[Event "First Lady's Cup"]
[Site "Surakarta/Denpasar INA"]
[Date "1982.03.07"]
[Round "22"]
[White "Handoko, Edhi"]
[Black "Kurajica, Bojan"]
[Result "0-1"]
[WhiteElo "2370"]
[BlackElo "2510"]
[EventDate "1982.02.10"]
[PlyCount "100"]

1.e4 c5 2.Nf3 Nc6 3.d4 cxd4 4.Nxd4 Qc7 5.Nc3 e6 6.Be2 a6 7.O-O Nf6 8.Kh1 
Be7 9.f4 d6 10.Be3 Nxd4 11.Bxd4 e5 12.Be3 O-O 13.Qe1 b5 14.Qg3 Kh8 15.fxe5
dxe5 16.Bg5 Be6 17.Bxf6 Bxf6 18.Bd3 Qe7 19.Qf3 Bg5 20.Rad1 g6 21.Qg3 Bf4 
22.Qe1 Rac8 23.Ne2 Bh6 24.Qa5 Rc6 25.a4 b4 26.Qxe5+ Bg7 27.Qf4 Bxb2 28.e5 
Qc5 29.Qh6 Kg8 30.Rf4 Qe3 31.Qh4 Bxe5 32.Re4 Qc5 33.Rxb4 Bf6 34.Qf4 Bg5 
35.Qd4 Qe7 36.Rdb1 Ba2 37.Rf1 Rd8 38.Qb2 Bf6 39.Qa3 a5 40.Qxa2 Qxb4 41.Bb5
Rcd6 42.c3 Qc5 43.Qb3 Qe3 44.h3 Kg7 45.Bc4 Rb6 46.Qa3 Rd2 47.Nf4 Rbb2 48.
Ne6+ fxe6 49.Rxf6 Rb4 50.Rf1 Qg5 0-1

[Event "First Lady's Cup"]
[Site "Surakarta/Denpasar INA"]
[Date "1982.03.07"]
[Round "22"]
[White "Rodriguez Vargas, Orestes"]
[Black "Radulov, Ivan"]
[Result "1/2-1/2"]
[WhiteElo "2430"]
[BlackElo "2505"]
[EventDate "1982.02.10"]
[PlyCount "27"]

1.d4 d5 2.c4 dxc4 3.Nf3 c5 4.e3 e6 5.Bxc4 a6 6.dxc5 Qxd1+ 7.Kxd1 Bxc5 8.a3
b5 9.Bd3 Bb7 10.b4 Be7 11.Bb2 Bf6 12.Bxf6 Nxf6 13.Ke2 Ke7 14.Rc1 1/2-1/2

[Event "First Lady's Cup"]
[Site "Surakarta/Denpasar INA"]
[Date "1982.03.07"]
[Round "22"]
[White "Suradiradja, Herman"]
[Black "Bellon Lopez, Juan Manuel"]
[Result "1/2-1/2"]
[WhiteElo "2380"]
[BlackElo "2400"]
[EventDate "1982.02.10"]
[PlyCount "55"]

1.e4 c6 2.d4 d5 3.Nd2 dxe4 4.Nxe4 Nf6 5.Nxf6+ gxf6 6.c3 Rg8 7.Ne2 Bg4 8.
Qd3 e5 9.Be3 Nd7 10.Ng3 Qa5 11.Qxh7 Rg7 12.Qc2 O-O-O 13.b4 Qd5 14.Qb3 Nb6 
15.c4 Qe6 16.d5 cxd5 17.f3 dxc4 18.Rc1 Kb8 19.Bxc4 Nxc4 20.Rxc4 Bf5 21.
Nxf5 Qxf5 22.O-O Qd3 23.Qxd3 Rxd3 24.Rfc1 Rd8 25.a4 f5 26.f4 f6 27.R1c2 b6
28.Kf2 1/2-1/2

[Event "First Lady's Cup"]
[Site "Surakarta/Denpasar INA"]
[Date "1982.03.08"]
[Round "23"]
[White "Keene, Raymond Dennis"]
[Black "Ribli, Zoltan"]
[Result "1/2-1/2"]
[WhiteElo "2505"]
[BlackElo "2590"]
[EventDate "1982.02.10"]
[PlyCount "30"]

1.d4 Nf6 2.c4 e6 3.Nc3 Bb4 4.e3 c5 5.Ne2 cxd4 6.exd4 O-O 7.a3 Be7 8.d5 
exd5 9.cxd5 Re8 10.Be3 Ng4 11.Bd4 Bf6 12.g3 d6 13.Bg2 Bxd4 14.Qxd4 a5 15.
O-O Na6 1/2-1/2

[Event "First Lady's Cup"]
[Site "Surakarta/Denpasar INA"]
[Date "1982.03.08"]
[Round "23"]
[White "Matanovic, Aleksandar"]
[Black "Chandler, Murray Graham"]
[Result "0-1"]
[WhiteElo "2495"]
[BlackElo "2470"]
[EventDate "1982.02.10"]
[PlyCount "104"]

1.e4 c5 2.Nf3 e6 3.d4 cxd4 4.Nxd4 Nf6 5.Nc3 Nc6 6.Ndb5 d6 7.Bf4 e5 8.Bg5 
a6 9.Na3 Be6 10.Nc4 Rc8 11.Bd3 Be7 12.O-O O-O 13.Bxf6 Bxf6 14.Ne3 Bg5 15.
Ncd5 g6 16.Kh1 Ne7 17.Nxe7+ Qxe7 18.Qe2 f5 19.f3 Kh8 20.b3 Qc7 21.a4 fxe4 
22.fxe4 Qc5 23.Nc4 Kg7 24.Rxf8 Rxf8 25.Rf1 Rf4 26.Rxf4 exf4 27.Nd2 Bd8 28.
Nf3 g5 29.h3 Bb6 30.Qe1 Ba5 31.Qg1 Qxg1+ 32.Kxg1 Kf6 33.Kf1 Bc3 34.Ke2 h5 
35.Nd2 Bxd2 36.Kxd2 Ke5 37.Be2 g4 38.hxg4 hxg4 39.Kd3 Bd7 40.a5 Bb5+ 41.c4
Bc6 42.Bxg4 Bxe4+ 43.Kd2 Bxg2 44.b4 Kd4 45.Be6 Bf1 46.Bd5 Bxc4 47.Bxb7 d5 
48.b5 f3 49.bxa6 f2 50.a7 f1=Q 51.a8=Q Qe2+ 52.Kc1 Kd3 0-1

[Event "First Lady's Cup"]
[Site "Surakarta/Denpasar INA"]
[Date "1982.03.08"]
[Round "23"]
[White "Hort, Vlastimil"]
[Black "Spasov, Luben"]
[Result "1/2-1/2"]
[WhiteElo "2590"]
[BlackElo "2410"]
[EventDate "1982.02.10"]
[PlyCount "46"]

1.d4 Nf6 2.c4 e6 3.Nc3 Bb4 4.Bg5 c5 5.d5 h6 6.Bh4 d6 7.e3 Bxc3+ 8.bxc3 e5 
9.f3 Nbd7 10.Bd3 Qe7 11.Qc2 g5 12.Bg3 Rg8 13.Ne2 Nh5 14.Bf2 Ndf6 15.h3 Kd8
16.Rb1 Kc7 17.Rb2 Bd7 18.Kd2 b6 19.Kc1 Rab8 20.Kb1 Rge8 21.g4 Ng7 22.Ng3 
h5 23.Ka1 h4 1/2-1/2

[Event "First Lady's Cup"]
[Site "Surakarta/Denpasar INA"]
[Date "1982.03.08"]
[Round "23"]
[White "Sampouw, Jacobus Sawandar"]
[Black "Sosonko, Gennadi"]
[Result "0-1"]
[WhiteElo "2305"]
[BlackElo "2580"]
[EventDate "1982.02.10"]
[PlyCount "54"]

1.e4 c5 2.Nf3 d6 3.d4 cxd4 4.Nxd4 Nf6 5.Nc3 g6 6.Be3 Bg7 7.f3 Nc6 8.Qd2 
O-O 9.Bc4 Bd7 10.O-O-O Rc8 11.Bb3 Ne5 12.h4 h5 13.g4 hxg4 14.h5 Nxh5 15.
Bh6 e6 16.Rdg1 Qf6 17.Bxg7 Qxg7 18.fxg4 Nf6 19.g5 Nh5 20.Nf5 exf5 21.Nd5 
Nf3 22.Rxh5 gxh5 23.Nf6+ Kh8 24.Qd1 fxe4 25.Nxh5 Qd4 26.Rh1 Qxd1+ 27.Kxd1 
Nxg5 0-1

[Event "First Lady's Cup"]
[Site "Surakarta/Denpasar INA"]
[Date "1982.03.08"]
[Round "23"]
[White "Gheorghiu, Florin"]
[Black "Rodriguez Vargas, Orestes"]
[Result "1-0"]
[WhiteElo "2550"]
[BlackElo "2430"]
[EventDate "1982.02.10"]
[PlyCount "47"]

1.c4 Nf6 2.Nc3 e5 3.Nf3 Nc6 4.g3 d5 5.cxd5 Nxd5 6.Bg2 Nde7 7.b4 a6 8.O-O 
Nf5 9.a3 Be7 10.Bb2 O-O 11.Ne4 f6 12.Qb3+ Kh8 13.Rac1 Nfd4 14.Nxd4 exd4 
15.Nc5 Bxc5 16.Rxc5 Qe8 17.Bxc6 bxc6 18.Qf3 Qg6 19.Qxc6 Bh3 20.Re1 d3 21.
e3 Rae8 22.f3 Re7 23.Qd5 Rfe8 24.Kf2 1-0

[Event "First Lady's Cup"]
[Site "Surakarta/Denpasar INA"]
[Date "1982.03.08"]
[Round "23"]
[White "Hulak, Krunoslav"]
[Black "Suradiradja, Herman"]
[Result "1-0"]
[WhiteElo "2490"]
[BlackElo "2380"]
[EventDate "1982.02.10"]
[PlyCount "97"]

1.g3 g6 2.Bg2 Bg7 3.d4 d6 4.Nf3 Nf6 5.O-O O-O 6.c4 Nbd7 7.Qc2 e5 8.Rd1 Qe7
9.Nc3 c6 10.e4 exd4 11.Nxd4 Re8 12.Bf4 Ne5 13.b3 Nfd7 14.h3 Nc5 15.Be3 a5 
16.f4 Ned7 17.Bf2 Ne6 18.Rd2 Ndc5 19.Rad1 Nxd4 20.Bxd4 Bxd4+ 21.Rxd4 f5 
22.Qd2 fxe4 23.Qe3 Rd8 24.g4 Be6 25.Nxe4 Bf7 26.Qc3 Nxe4 27.Rxe4 Qh4 28.
Red4 Re8 29.Qd2 a4 30.Rxd6 axb3 31.axb3 Re7 32.Qf2 Qxf2+ 33.Kxf2 Ra2+ 34.
R1d2 Ra3 35.R2d3 Kg7 36.Bf3 b5 37.c5 Rxb3 38.Rxb3 Bxb3 39.Bxc6 Bc4 40.Rd7 
Kf7 41.Rxe7+ Kxe7 42.Ke3 b4 43.Be4 Be6 44.Kd4 Bg8 45.Ke5 b3 46.Kd4 Kd7 47.
Kc3 Bf7 48.h4 h5 49.g5 1-0